000 01517nam a2200361 c 4500
003 BLK
005 20180422115132.0
008 180411b bul|||||r ||||||| ||bul||
010 _aKNG00190047000
020 _a978-954-770-45-9
_bиздат.: Изд. авт. - на том(ч. 1)
040 _aBLK
041 _aBUL
_cBUL
072 7 _2bullib
_aН84
_xБългарска художествена литература Н
072 7 _2bullib
_aЯ
_xАвтографи
080 _aБългарска литература
_b821.163.2
_x-94
_z821.163.2-94
080 _aИконописци
_b75.046.071.1
_x(497.2)
_z75.046.071.1(497.2)
100 1 _aРадушев, Ангел Богданов
_eпърви автор
_9383794
139 _aРадушев, Ангел Богданов
_bР 18
245 1 0 _aАнгел вопияше
_bЧ. 1 -
_cАнгел Богданов Радушев.
_nЧ. 1
_pАнгел - усърден молител
257 _aBGR
260 София
_c2013 -
300 _c24 см
380 _aX
650 4 _aИконопис, българска
_9263057
659 _aН
659 _aЯ
760 1 _3- на том(ч. 1)
_aРадушев, Ангел Богданов
_dИзд. авт., 2013
_h208 с. : с цв. ил., портр. факс.
_tЧ. 1 Ангел - усърден молител
852 _aЦб 282072
856 4 _qpdf
_u
856 4 _qpdf
_u
942 _cKNG
_n0
944 _aCR
_c24.08.2016
_kВиолета_Тройчева
944 _aED
_c12.09.2016
_kГеновева_Генчева
999 _c181154
_d181154